000 00434nam a2200157 4500
001 117755
003 ES-MaACL
005 20230906190950.0
007 t|
008 070214s1972 sp r ||||1| spa d
100 1 _aPegaso, Oswaldo.
_989964
245 1 0 _aManual de la magia y de la brujería /
_cOswaldo Pegaso.
260 _aBarcelona :
_bDe Vecchi,
_c1972.
300 _a367 p. ;
_c21 cm.
852 _aES-MaACL
_jC-42627
_bR.81253
999 _c117755
_d117755